Annuaire des Artisans Createurs (Record no. 9751)

MARC details
000 -CABECERA
campo de control de longitud fija 00594nam a2200205 a 4500
001 - NÚMERO DE CONTROL
campo de control BRL_939
005 - FECHA Y HORA DE LA ÚLTIMA TRANSACCIÓN
campo de control 20190320210948.0
008 - DATOS DE LONGITUD FIJA--INFORMACIÓN GENERAL
campo de control de longitud fija 251013s1981----fr-a#####r---#000-0#fre-#
041 ## - CÓDIGO DE LENGUA
Código de lengua del texto/banda sonora o título independiente fre
044 ## - CÓDIGO DEL PAÍS DE LA ENTIDAD EDITORA/PRODUCTORA
Código MARC del país fr
050 #4 - SIGNATURA TOPOGRÁFICA DE LA BIBLIOTECA DEL CONGRESO
Número de clasificación HD2346.P3
Número de documento/Ítem .A56 1981
245 10 - MENCIÓN DE TÍTULO
Título Annuaire des Artisans Createurs
260 ## - PUBLICACIÓN, DISTRIBUCIÓN, ETC.
Lugar de publicación, distribución, etc. Paris
Nombre del editor, distribuidor, etc. La Maison des Metiers d´art Francais
Fecha de publicación, distribución, etc. 1981
300 ## - DESCRIPCIÓN FÍSICA
Extensión sin paginación
Otras características físicas il.
Dimensiones 14 cm.
500 ## - NOTA GENERAL
Nota general Au1001
500 ## - NOTA GENERAL
Nota general A la cabeza de la cubierta ´Directory of French Craftsmen´
650 14 - PUNTO DE ACCESO ADICIONAL DE MATERIA--TÉRMINO DE MATERIA
Término de materia o nombre geográfico como elemento de entrada Artesanos
Subdivisión de forma Anuarios
Subdivisión geográfica Paris (Francia)
9 (RLIN) 25383
902 ## - CATALOGADOR
Iniciales GRL
942 ## - ELEMENTOS DE PUNTO DE ACCESO ADICIONAL (KOHA)
Fuente del sistema de clasificación o colocación Library of Congress Classification
Tipo de ítem Koha Libros
Holdings
Estado de retiro Estado de pérdida Estado dañado No para préstamo Localización permanente Ubicación/localización actual Fecha de adquisición Número de inventario Total de préstamos Signatura topográfica completa Código de barras Fecha visto por última vez Precio válido a partir de Tipo de ítem Koha
El ejemplar forma parte de la colección y puede ser consultado según las políticas vigentes.       Biblioteca Centro de Estudios Ruth D. Lechuga Biblioteca Centro de Estudios Ruth D. Lechuga 25/10/2013 Au1001   HD2346.P3 .A56 1981 (Au1001) GRL01015 22/03/2019 22/03/2019 Libros